| 000 | 00365nam a2200157Ia 4500 | ||
|---|---|---|---|
| 003 | GCL | ||
| 008 | 140319s9999 xx 000 0 eng d | ||
| 040 |
_aGCL / _cGCL |
||
| 082 | 0 | 4 | _a050 |
| 100 | 1 | _aXACOUB, EMILE | |
| 245 | 1 | 0 |
_aCOMPUTER SHOPPER / _cXACOUB, EMILE |
| 260 |
_a[S.N] : _bNO |
||
| 650 | 0 | 4 | _aشعر الحرب |
| 650 | 0 | 4 | _aCOMPUTER |
| 942 |
_2ddc _cCR |
||
| 999 |
_c25840 _d25840 |
||